[Event "TUR-chT"]
[Site "Konya"]
[Date "2010.07.08"]
[Round "13"]
[White "Haznedaroglu, Kivanc"]
[Black "Atalik, Suat"]
[Result "0-1"]
[WhiteElo "2501"]
[BlackElo "2607"]
[Annotator "Atalik,S"]
[PlyCount "132"]
[EventDate "2010.06.29"]
[EventType "team-tourn"]
[EventRounds "13"]
[EventCountry "TUR"]
[SourceTitle "CBM 137 Extra"]
[Source "ChessBase"]
[SourceDate "2010.09.01"]
[SourceVersion "1"]
[SourceVersionDate "2010.09.01"]
[SourceQuality "1"]

{In the last round my team had the chance to decide the champion having
guaranteed the 3rd place. My opponent was the second ever Turkish born
grandmaster.} 1. e4 e5 2. Nf3 Nc6 3. Bb5 Nf6 4. d3 {Typical for this guy who
has some slight chess intelligence and wants to go for tricky lines.} Bc5 ({
This days I am for} 4... d6 5. O-O (5. c3 g6) 5... a6 $5 6. Bxc6+ bxc6 7. d4
Be7 $1 {leads to one of my favorite lines.}) 5. Bxc6 $5 {I have difficulties
to respect such exchanges a la Anderssen, but they are getting popular day by
day.} (5. Be3 Bxe3 6. fxe3 Ne7 $1 7. Nc3 c6 8. Ba4 d6 $132 {is played by the
great Hungaro-British player Isidor Gunsberg.}) 5... dxc6 6. h3 $5 {The idea
explains itself} ({in the following variation with} 6. Be3 Bxe3 7. fxe3 {
and especially} Bg4 $1 8. h3 Bxf3 9. Qxf3 Nd7 $11) 6... Qd6 {I somehow could
not remember where I have met this position. Only after the game I have
realised that Alex played this against Strip with Black.} (6... O-O 7. Qe2 {
This is what Strip came up with.} (7. Be3 Bd6) (7. O-O Re8 8. Nbd2 Nd7 9. Nc4
f6 $132) 7... Re8 8. Bg5 Qd6 9. Nbd2 Nd7 10. Nc4 Qe6 11. O-O Nb6 $5 $132) (6...
Bd6 7. Nbd2 c5 8. Nc4 Nd7 $11) (6... Nd7 7. Nbd2 O-O 8. Nc4 Re8 9. O-O Bf8 $132
(9... f6 10. Be3 Bf8 $132)) 7. Nbd2 Be6 8. Ng5 O-O-O $5 {I am not so sure if
my king belongs there.} ({but I did not like the looks of} 8... Nd7 9. Nxe6
Qxe6 10. Qg4 Qf6 11. Nf3 h5 12. Qg3 $1) 9. Qf3 $146 (9. Nb3 Bb6 10. Qe2 Nd7 11.
Nxe6 Qxe6 12. a4 a6 13. a5 Ba7 14. Be3 Kb8 15. O-O {is seen on the highest
level.} f6 $14) 9... Nd7 $5 10. Nxe6 Qxe6 11. Qg4 Qf6 {Queens should be kept
over the board.} (11... Qxg4 $2 12. hxg4 h6 13. Nc4 f6 14. Bd2 $14 {gives
White a free ride.}) 12. O-O h5 13. Qf3 Qe6 ({However in this position it
makes sens.} 13... Qxf3 $5 14. Nxf3 f6 $11) 14. Nc4 Kb8 $6 {An unnecessary
waste of time.} (14... Nb6 $142 $1 15. Nxb6+ (15. Ne3 Kb8 16. a4 Nc8 $132)
15... cxb6 16. Be3 f6 17. a3 Kb8 18. b4 Bd4 $132) 15. Be3 Be7 16. Bd2 $1 {
He vacates the e3-square for his knight.} f6 (16... g5 17. Ne3 g4 18. Qf5 $1
gxh3 19. Qxe6 (19. Qxh3 Qxh3 20. gxh3 Bg5 $132) 19... fxe6 20. gxh3 b5 $13 {
are two difficult positions to handle.}) (16... g6 $5 17. a4 Nb6 18. Nxb6 cxb6
19. a5 b5 20. a6 b6 $13) 17. b4 (17. a4 $142 Nb6 18. Ne3 Nc8 {has to be
considered.}) 17... Nb6 (17... c5 $6 18. bxc5 Bxc5 19. a4 g5 20. Ne3 $16 {
opens the b line too easy.}) 18. Ne3 Na4 $5 19. Rab1 a6 20. Rb3 g6 21. Rfb1 b5
$5 {By some unorthodox play Black has succeeded in blocking White's aggression
on the queenside.} 22. Rc1 (22. Ra3 Kb7 23. Rxa4 $1 bxa4 24. Nc4 Ka8 {and I
could not see a lethal continuation in White's hand.}) 22... Rd4 23. a3 Rhd8 (
23... Kb7 24. Rbb1 Rf8 $1 (24... Bf8 $6 25. Nf1 Bh6 26. Bxh6 Rxh6 27. Nd2 $16)
25. Re1 Qf7 26. Qe2 Rfd8 $132) 24. Rbb1 Kb7 25. Nf1 R4d7 (25... c5 $5 {is in
deed an interesting option.} {I was not sure about the consequences of an
exchange sac after} 26. Be3 (26. bxc5 Bxc5 27. Rb3 R4d7 28. Ne3 c6 $13) 26...
cxb4 27. Bxd4 Rxd4 28. axb4 Nc3 29. Rb3 Bxb4 30. Ne3 a5 31. Nd5 $1 Nxd5 32.
exd5 Qxd5 33. Qxf6 $16) 26. Ne3 Bf8 $5 ({Obviously I did not want to repeat
the moves with} 26... Rd4 {against this guy.}) 27. Re1 Bh6 28. Nf1 Bf8 $2 {
However this turned out to outsmart my own self.} (28... Bg5 $1 29. Bxg5 fxg5 {
is an extremely rare setup with 8 pawns and two sets of double pawns for black.
} 30. Qg3 {However after this obvious move I have failed to appreciate the
strenght of} g4 $1 31. hxg4 Rh8 $44) 29. Be3 $1 {A good move opening the
a5-square via d2 and b3 for his knight.} ({I was intented to continue the game
after} 29. Ne3 Rf7) 29... Rf7 {I had to bite the bullet and do something.} (
29... c5 30. bxc5 Bxc5 31. Bxc5 Nxc5 32. Nd2 Rd4 33. Qe3 $16) 30. Nd2 f5 $8 {
This is a known idea used by Kortschnoj and Graf. Although e5 becomes weak,
the d and f lines are apt to provide counterplay.} 31. exf5 Qxf5 $1 (31... gxf5
32. Nb3 Qd5 33. Na5+ Ka8 34. Nxc6 Qxf3 35. gxf3 $18 {was stone cold lost.}) 32.
Qg3 Nc3 33. Rb3 (33. Ra1 Bd6 34. Nb3 Kc8 $14) 33... Nd5 34. Ne4 Bd6 35. Bg5 ({
I was also counting on} 35. f3 Nxe3 36. Rxe3 Qf4 37. Qxf4 exf4 38. Nxd6+ $1 (
38. Re1 $2 Be7) 38... Rxd6 $1 39. Re4 Kb6 40. d4 $14 {is a pleasant double
rooks ending for White but maybe nothing more.}) 35... Rdd7 36. Rbb1 $2 {
Slow and inappropriate.} (36. c4 $1 Nf4 37. Bxf4 exf4 38. Qf3 $16) 36... Nf4
37. a4 Bf8 $1 (37... bxa4 38. Qf3) 38. axb5 cxb5 39. Bxf4 exf4 40. Qf3 c6 41.
c4 g5 $1 $40 {This is the moment the tables turned around.} 42. cxb5 axb5 43.
Qxh5 Rxd3 44. Qxg5 (44. Nxg5 $142 Re7 $1 $132 {is much better} ({than} 44...
Rg7 45. h4 Re7 (45... f3 46. g3) 46. Rxe7+ Bxe7 47. Qe8 Qd7 $1 48. Qxd7+ Rxd7
49. Nf3 Kb6 $44)) 44... Rd4 $1 {Now it is White's turn to show some defensive
skills.} 45. Kh2 Rxb4 (45... Rxe4 $2 46. Qxf5 Rxf5 47. Rxe4 $18) (45... Bxb4 $2
46. Rxb4 $18) ({I find} 45... Kb6 $5 {a very unnatural move.}) 46. Ra1 {
Playing for a back rank invasion.} (46. Rbd1 Qxg5 47. Nxg5 Rf5 48. Ne6 Kb6 49.
Rd8 Bc5 $15) 46... Qxg5 47. Nxg5 Rf5 (47... Rd7 48. Re8 Bc5 49. Ne4 Bd4 50.
Raa8 Rb2 51. h4 c5 52. Kh3 b4 $13 {is very messy.}) 48. Ne6 $6 {Choosing the
wrong direction.} (48. Re8 $142 Bd6 49. Ne4 Bc7 50. f3 {is a more or less
playable position.} Rd5 51. Rea8 Bb8 52. h4 Rb2 53. Kh3 b4 $13) 48... Be7 $1
49. Rad1 Bh4 $1 50. Rd2 Kb6 51. g3 fxg3+ 52. fxg3 Bf6 $17 {Bishop being a
better piece in the endgame makes White's life a nightmare.} 53. Re3 (53. Rde2
Rf3 $1 $17) 53... Re5 $1 {The more the position gets simplified the more
White's life becomes difficult.} 54. Rxe5 Bxe5 55. Re2 $2 {The last mistake.
He had to rush to the queenside with his king.} (55. Kg2 Rb3 56. Nf4 b4 57. h4
Rb1 (57... Ra3 $6 58. Nd3 Bc3 59. Rd1 (59. Rc2 c5) 59... b3 60. Rc1 (60. h5 c5
61. h6 c4 62. Nf4 Kc5 $19) 60... b2 61. Rb1 Ra1 62. Nxb2 Rxb1 63. Na4+ Ka5 64.
Nxc3 Rb2+ 65. Kh3 c5 66. h5 c4 67. Kg4 $132 {Reminds me Lasker vs Lasker NY
1924.}) 58. h5 b3 59. Nd3 Bg7 60. Re2 Kb5 $17 {should win.}) 55... Rb2 $1 $19
56. Rxb2 Bxb2 57. Kg2 b4 58. Kf3 Be5 59. Ke4 (59. Ke2 b3 60. Kd1 c5 61. Nf4 Kb5
62. Kc1 c4 63. Ne2 c3 64. h4 Kc4 $19) 59... b3 $1 ({Greed results in a
blockade!} 59... Bxg3 $4 60. Kd3 Kb5 61. Nd4+ Kc5 62. Nb3+ Kd5 63. Na5 Bc7 64.
Nc4 $11) 60. Kd3 c5 61. Nf4 c4+ 62. Kd2 c3+ {I have seen the end of the game
already at this very moment.} (62... Kc5 63. Ne2 Kb4 $19) 63. Kd3 b2 64. Kc2
Bxf4 $1 65. gxf4 Kc5 {Black king has two roots.} 66. h4 (66. f5 Kd5 $19 {
and White's pawns can not defend each other.}) 66... Kb4 $1 {This forces to
promote a queen eary thus he immediately resigned.} (66... Kd4 $4 {would have
been a grave mistake.} 67. h5 Ke3 68. h6 b1=Q+ 69. Kxb1 Kd2 70. h7 c2+ 71. Ka2
c1=Q 72. h8=Q Qc4+ $11) (66... Kb4 $1 67. h5 Ka3 68. h6 Ka2 $19) (66... Kd5 $4
67. h5 Ke6 68. h6 Kf6 69. f5 Kf7 $11 {and the pawns which are one file apart
defend each other.}) 0-1

[Event "Olympiad-36"]
[Site "Mallorca"]
[Date "2004.10.25"]
[Round "10"]
[White "Charbonneau, Pascal"]
[Black "Mitkov, Nikola"]
[Result "1-0"]
[WhiteElo "2490"]
[BlackElo "2539"]
[Annotator "Atlas,V"]
[PlyCount "85"]
[EventDate "2004.10.15"]
[EventType "team-swiss"]
[EventRounds "14"]
[EventCountry "ESP"]
[SourceTitle "CBM 104"]
[Source "ChessBase"]
[SourceDate "2005.01.27"]
[SourceVersion "1"]
[SourceVersionDate "2005.01.27"]
[SourceQuality "1"]
[WhiteTeam "Canada"]
[BlackTeam "Macedonia"]
[WhiteTeamCountry "CAN"]
[BlackTeamCountry "MKD"]

1. e4 e5 2. Nf3 Nc6 3. Bb5 Nf6 4. d3 Bc5 5. O-O Nd4 6. Nxd4 Bxd4 7. c3 Bb6 8.
Kh1 c6 9. Ba4 O-O 10. Bg5 h6 11. Bh4 d6 12. Nd2 g5 13. Bg3 Bg4 14. f3 Be6 15.
Bb3 Nh5 16. Bf2 Bxf2 17. Rxf2 Qb6 18. Rf1 d5 19. g3 Ng7 20. Qe2 Rad8 21. exd5
Bxd5 22. Nc4 Qb5 23. Kg1 Qc5+ 24. Qf2 Qxf2+ 25. Rxf2 Bxc4 26. Bxc4 b5 27. Bb3
Rxd3 28. a4 bxa4 29. Rxa4 Rb8 30. Bc2 Rd7 31. b4 c5 32. bxc5 Rc7 33. f4 exf4
34. gxf4 Rxc5 35. Rxa7 g4 36. f5 Rxc3 37. f6 Ne6 ({Better was} 37... Ne8 $5 {
still retaining some winning chances.}) 38. Bf5 g3 39. hxg3 Rxg3+ 40. Kh2 Re3 (
{If} 40... Rg5 41. Bxe6 {, then} fxe6 42. Re7 Rf5 {, with equality.}) 41. Re7
Kf8 42. Rg2 Re8 $4 ({Black's attempt to fight for victory in this drawn ending
yields White an unexpected chance to decide the game by an elegant winning
combination. Correct was} 42... Rf3 43. Bxe6 Rxf6 44. Rxf7+ {, with equality.})
{[%tqu "En","Black's last move was a terrible mistake. Can you find its
refutation?","Exploit a weak position of the black king and a weakness of the
opponent's back rank.","Use your g2-rook for the decisive blow!","g2g8","This
simple and nice move wins on the spot.",3]} 43. Rg8+ $1 {[%csl Ge7,Re8,Gf5,Rf8,
Gg8]} (43. Rg8+ $1 {An elegant refutation of Black's careless move! This
powerful blow wins a rook:} Kxg8 44. Rxe8+ Nf8 45. Rxe3) 1-0

[Event "Bundesliga 0405"]
[Site "Germany"]
[Date "2005.03.13"]
[Round "13.3"]
[White "Bischoff, Klaus"]
[Black "Hansen, Sune Berg"]
[Result "1-0"]
[WhiteElo "2559"]
[BlackElo "2551"]
[Annotator "Atlas,V"]
[PlyCount "74"]
[EventDate "2004.11.12"]
[EventType "team-tourn"]
[EventRounds "15"]
[EventCountry "GER"]
[SourceTitle "CBM 106"]
[Source "ChessBase"]
[SourceDate "2005.06.06"]
[SourceVersion "1"]
[SourceVersionDate "2005.06.06"]
[SourceQuality "1"]
[WhiteTeam "Tegernsee"]
[BlackTeam "Hamburger SK"]
[WhiteTeamCountry "GER"]
[BlackTeamCountry "GER"]

1. e4 e5 2. Nf3 Nc6 3. Bb5 Nf6 4. Qe2 Bd6 5. c3 O-O 6. d3 a6 7. Ba4 Re8 8. Nbd2
Bf8 9. Nf1 h6 10. h3 b5 11. Bc2 d5 12. Ng3 Be6 13. Nh2 Ne7 14. Nh5 Ng6 15.
Nxf6+ Qxf6 16. Ng4 Qd8 17. g3 Qd7 18. Qf3 Rad8 19. O-O c6 20. Re1 Bc5 21. b4
Bb6 22. a4 d4 23. axb5 axb5 24. Bd2 Ra8 25. Rxa8 Rxa8 26. cxd4 Bxd4 27. Ne3 Ra2
28. Rc1 Ne7 (28... Bxh3 29. Qh5 Qe6 {looks very promising for Black. wirkt
sehr vielversprechend für Schwarz.}) 29. g4 g6 $2 ({A fatal mistake, after
which White's attack on the kingside becomes very dangerous. Essential was Ein
tödlicher Fehler, nachdem der weiße Angriff am Königsflügel sehr gefährlich
wird. Erforderlich war} 29... c5 {, retaining good chances. mit nach wie vor
guten Chancen.}) 30. Qf6 $1 Kh7 (30... Qa7 {falls short of scheitert an} 31.
Nf5 Bxf2+ 32. Kh1 {, with irresistible attack. mit unwiderstehlichem Angriff.})
{[%tqu "En","How would you power up White's attack?","Target the weak h6-pawn
and try to bring the dark-squared bishop into the attack.","Sacrifice your
knight!","e3f5","This surprising knight jump makes White's attack irresistible.
",5,"De","Wie würden Sie dem weißen Angriff Nachschub verleihen?","Nehmen Sie
den schwachen Bauern h6 aufs Korn und versuchen Sie, den schwarzfeldrigen
Läufer in den Angriff einzuschalten.","Opfern Sie Ihren Springer!","e3f5",
"Dieser überraschende Springerausfall macht den weißen Angriff unwiderstehlich.
",5]} 31. Nf5 $1 {[%csl Gd2,Gf5,Gf6,Rg7,Rh6][%cal Gd2h6,Gf6h6] The knight
sacrifice unveils weaknesses on Black's kingside and breaks Black's defense.
Das Springeropfer enthüllt Schwächen am gegnerischen Königsflügel und
durchschlägt die schwarze Verteidigung.} Nxf5 (31... gxf5 {fails to scheitert
an} 32. Bxh6 {, with invevitable mate. mit undeckbarem Matt.}) 32. gxf5 Bxf5
33. exf5 g5 ({More tenacious was Hartnäckiger war} 33... Qxf5 34. Qxf5 gxf5 35.
Be3 Bxe3 (35... Rb2 {falls short of geht nicht wegen} 36. Bxd4 exd4 37. Bd1
Rxb4 38. Kg2 (38. Rxc6 $4 Rb1)) 36. fxe3 Rb2) 34. Be3 Bxe3 35. fxe3 Qd5 36. d4
$1 Kg8 ({Or Oder} 36... exd4 37. Qxd4 {, and Black is lost. und Schwarz ist
verloren.}) 37. Qxe5 Qc4 (37... Qc4 {Black resigned in view of und Schwarz gab
auf wegen} 38. Qe8+ Kh7 (38... Kg7 39. f6+ Kxf6 40. Qe5#) 39. f6+ Rxc2 40. Rxc2
Qxc2 41. Qxf7+ Kh8 42. Qg7#) 1-0

[Event "Asia-ch 5th"]
[Site "Hyderabad"]
[Date "2005.10.06"]
[Round "1"]
[White "Wang, Hao"]
[Black "Roktim, Bandyopadhyay"]
[Result "1-0"]
[WhiteElo "2519"]
[BlackElo "2380"]
[Annotator "Atlas,V"]
[PlyCount "69"]
[EventDate "2005.10.05"]
[EventType "swiss"]
[EventRounds "9"]
[EventCountry "IND"]
[SourceTitle "CBM 110"]
[Source "ChessBase"]
[SourceDate "2006.01.31"]
[SourceVersion "1"]
[SourceVersionDate "2006.01.31"]
[SourceQuality "1"]

1. e4 e5 2. Nf3 Nc6 3. Bb5 Nf6 4. d3 Bc5 5. Bxc6 dxc6 6. Be3 Bxe3 7. fxe3 Qe7
8. h3 O-O 9. Qd2 a5 10. Nc3 a4 11. a3 Nd7 12. O-O b5 13. Qf2 Nb6 14. Nh4 Bd7
15. Nf5 Bxf5 16. exf5 f6 17. Ne4 Nd7 18. Qe1 Qf7 19. Rf3 c5 20. Rd1 Rfb8 21.
Qh4 b4 22. Ng3 (22. Nd2 $5 {also deserved here serious attention.}) 22... bxa3
23. bxa3 Kh8 24. Nh5 Rg8 25. Rb1 $5 {This risky continuation leads to a very
sharp play.} Qa2 26. Rb7 Qxa3 $2 (26... Qxc2 {was a better alternative to the
tempting text move. Now White has time to power up his attack.}) 27. Rxc7 Rad8
28. Rg3 Qc1+ 29. Kh2 Qxc2 30. Rg4 Qxd3 $2 ({More tenacious was} 30... Qb3 {
, but after} 31. Nf4 $1 Rge8 32. Ne6 $1 Rxe6 33. fxe6 Qxe6 34. Rxa4 {White
gets a decisive advantage.}) {[%tqu "En","All White's pieces are superbly
placed and ready for the decisive strike. How should White continue?","Target
the enemy king!","Sacrifice your knight!","h5f4","This beautiful move breaks
Black's defense. To avoid mate, Black has to give up his queen.",6]} 31. Nf4 $1
{[%csl Rd3,Gg4,Gh4,Rh7,Rh8][%cal Cd3f5,Gf4d3,Gf4g6] The winning move. Now huge
material losses are inveitable.} Qxf5 ({After} 31... exf4 {, the terrific
queen sacrifice decides the game:} 32. Qxh7+ Kxh7 33. Rh4#) 32. Ng6+ Qxg6 33.
Rxg6 a3 34. Ra7 Ra8 35. Rxd7 1-0